Chính sách Australia đối với Asean từ 1991 đến nay

Na minha lista:
Detalhes bibliográficos
Formato: Livro
Publicado em: 2005
Tags: Adicionar Tag
Sem tags, seja o primeiro a adicionar uma tag!
Thư viện lưu trữ: Mạng thư viện Đại học Đà Nẵng
LEADER 00473nam a22001811a 4500
001 000039078
003 15373
005 20160412021915.0
008 160412s2005 000
082 |a 4V(TK)613 
245 |a Chính sách Australia đối với Asean từ 1991 đến nay  |c Vũ Tuyết Loan 
260 |c 2005 
OWN |a LNN 
999 |a From the UDN01 
TYP |a Monograph 
980 |a Mạng thư viện Đại học Đà Nẵng